[Event "Quebec-ch U12"]
[Site "Montreal"]
[Date "2017.03.04"]
[Round "2"]
[White "Richard, Leo"]
[Black "Farahdel, Anahita"]
[Result "1-0"]
[WhiteElo "1621"]
[BlackElo "1071"]
[PlyCount "121"]
[EventDate "2017.03.04"]
[EventType "swiss"]
[EventRounds "5"]
[EventCountry "CAN"]
[SourceTitle "EXT 2022"]
[Source "ChessBase"]
[SourceDate "2021.10.06"]
[SourceVersion "1"]
[SourceVersionDate "2021.10.06"]
[SourceQuality "1"]

1. e4 e5 2. Nf3 Nc6 3. Bb5 Nf6 4. 0-0 Ng4 5. h3 h5 6. d4 exd4 7. hxg4 hxg4 8. Ng5 Qf6 9. Qxg4 d5 10. Qf3 Qe5 11. Qxf7+ Kd8 12. Bf4 Qe7 13. Qxe7+ Kxe7 14. exd5 Nb4 15. Re1+ Kf6 16. Na3 Nxd5 17. Bd2 Bd6 18. Ne4+ Ke6 19. Nxd6+ Kxd6 20. c4 dxc3 21. Bxc3 Nxc3 22. bxc3 Be6 23. Rad1+ Ke7 24. Bc4 Kf6 25. Rxe6+ Kf7 26. Rd7+ Kf8 27. Ree7 g5 28. Rh7 Rxh7 29. Rxh7 Rd8 30. Rh8+ Ke7 31. Rxd8 Kxd8 32. Nb5 a6 33. Nd4 Kd7 34. Ne6 b5 35. Bxb5+ axb5 36. Nxg5 c5 37. Ne4 Kc6 38. g4 b4 39. g5 Kd5 40. Nxc5 bxc3 41. Nb3 Ke5 42. g6 Kf6 43. a4 Kxg6 44. a5 Kf5 45. a6 Ke4 46. a7 Kd3 47. a8Q Kc4 48. Qc8+ Kxb3 49. f4 c2 50. f5 Kb2 51. f6 c1Q+ 52. Qxc1+ Kxc1 53. f7 Kd2 54. f8Q Kd3 55. Qb4 Ke3 56. Qc4 Kf3 57. Qd4 Kg3 58. Qe4 Kh3 59. Qg6 Kh4 60. Kf2 Kh3 61. Qg3# 1-0